四重内陸市町村 - Statistics

General Stats
  • This quiz has been taken 12 times
  • The average score is 41 of 71
Answer Stats
都道府県 市区町村名 % Correct
栃木県 那須塩原市
83%
埼玉県 秩父市
83%
福島県 大沼郡 会津美里町
75%
西白河郡 西郷村
75%
群馬県 高崎市
75%
前橋市
75%
塩谷郡 塩谷町
75%
南会津郡 下郷町
67%
猿島郡 境町
67%
猿島郡 五霞町
67%
さいたま市
67%
東京都 東久留米市
67%
東村山市
67%
武蔵村山市
67%
青梅市
67%
西多摩郡 日の出町
67%
西多摩郡 奥多摩町
67%
群馬県 多野郡 上野村
67%
長野県 南佐久郡 南相木村
67%
南佐久郡 北相木村
67%
長野県 北佐久郡 軽井沢町
67%
北佐久郡 御代田町
67%
小諸市
67%
東御市
67%
群馬県 吾妻郡 嬬恋村
67%
宇都宮市
67%
さくら市
58%
塩谷郡 高根沢町
58%
芳賀郡 市貝町
58%
真岡市
58%
常総市
58%
つくばみらい市
58%
春日部市
58%
戸田市
58%
朝霞市
58%
西多摩郡 瑞穂町
58%
羽村市
58%
岐阜県 加茂郡 東白川村
58%
北群馬郡 榛東村
58%
北群馬郡 吉岡町
58%
栃木県 鹿沼市
58%
西白河郡 泉崎村
50%
矢板市
50%
芳賀郡 益子町
50%
茨城県 筑西市
50%
下妻市
50%
坂東市
50%
埼玉県 幸手市
50%
北葛飾郡 杉戸町
50%
北葛城郡 松伏町
50%
越谷市
50%
蕨市
50%
和光市
50%
新座市
50%
東大和市
50%
山梨県 北都留郡 小菅村
50%
甲州市
50%
群馬県 甘楽郡 南牧村
50%
甘楽郡 下仁田町
50%
加茂郡 八百津町
50%
羽島郡 岐南町
50%
磯城郡 田原本町
50%
橿原市
50%
北葛城郡 河合町
50%
利根郡 昭和村
50%
みどり市
50%
奈良県 生駒郡 安堵町
42%
磯城郡 川西町
42%
磯城郡 三宅町
42%
岐阜県 加茂郡 川辺町
42%
長野県 埴科郡 坂城町
42%
No matching quizzes found
Score Distribution
Percent of People with Each Score
Percentile by Number Answered
Your Score History
You have not taken this quiz